Word Ladder: Contamination Alert Quiz Stats

Quiz Updated Apr 21, 2015

Challenge
Share
Tweet
Embed
Score 0/24 Timer 03:00
1 Play Today
Hint 5-Letter Word % Correct
Actor Farrell or FirthCOLIN
95.3%
:COLON
91.5%
Angelic head toppersHALOS
89.1%
Midday timesNOONS
88.6%
StopsHALTS
88.7%
Rope set up for hangingNOOSE
88.5%
Cause of crying in an infantCOLIC
85.6%
Lacking a single personNO ONE
82.2%
Partner to nutsBOLTS
78.8%
Raucous sounds or dinNOISE
78.7%
Cut and _____PASTE
77.2%
_____ not, want notWASTE
77.2%
Hint 5-Letter Word % Correct
Unexpected benefits or favorsBOONS
76%
Great coolness and composurePOISE
75.4%
A medicine that invigoratesTONIC
75.1%
Relating to poisonTOXIC
75.1%
Like a shape that tapers from a circle to a pointCONIC
74.7%
Dora the Explorer's pet monkeyBOOTS
74.6%
Steve on 'Arrested Development' and familyHOLTS
71.7%
Out of fashion or outmodedPASSÉ
71%
Temporary police forcePOSSE
70.9%
Fire extinguisher type with fluorineHALON
53.8%
A room for hosting guestsSALON
53%
A wise leader of ancient GreeceSOLON
51.1%

Today's Daily Dose

Word Ladder
NHL

Quick Pick
Songs in Green

On This Day
May 24th II

You're not logged in!

Compare scores with friends on all Sporcle quizzes.
Join for Free
OR
Log In

You Might Also Like...

Show Comments

Extras

Top Quizzes Today


Score Distribution

Your Account Isn't Verified!

In order to create a playlist on Sporcle, you need to verify the email address you used during registration. Go to your Sporcle Settings to finish the process.

Report this User

Report this user for behavior that violates our Community Guidelines.

Details: